000 00721cam a22002413a 4500
001 7547
003 PGUSA
005 20140828083146.0
008 040829s2004||||xxu|||||s|||||000 | eng d
040 _aPGUSA
_beng
042 _adc
050 4 _aE456
100 1 _aLincoln, Abraham,
_d1809-1865
245 1 0 _aQuotes and Images From The Writings of Abraham Lincoln
_h[electronic resource] /
_cAbraham Lincoln
260 _bProject Gutenberg,
_c2004
506 _aPublic domain in the USA.
516 _aElectronic text
653 _aLincoln, Abraham, 1809-1865 -- Portraits
700 1 _aWidger, David,
_d1932-
830 0 _aProject Gutenberg
_v7547
856 4 0 _uhttp://www.gutenberg.org/ebooks/7547
942 _cEB
999 _c236866
_d236866